Statistics for All train stations in Northamptonshire

Click here to take the quiz!

General Stats

  • This quiz has been taken 11 times
  • The average score is 4 of 5

Answer Stats

GroupAnswer% Correct
Midland main lineKettering
100%
Northampton loop lineNorthampton
100%
Oakham-Kettering lineCorby
91%
Midland main lineWellingborough
91%
Northampton loop lineLong Buckby
64%

Score Distribution

Percentile by Number Answered

Percent of People with Each Score

Your Score History

You have not taken this quiz